Principles of soft computing (Record no. 211661)

MARC details
000 -LEADER
fixed length control field 00454nam a2200181Ia 4500
008 - FIXED-LENGTH DATA ELEMENTS--GENERAL INFORMATION
fixed length control field 231221s9999 xx 000 0 und d
020 ## - INTERNATIONAL STANDARD BOOK NUMBER
International Standard Book Number 9790000000000
041 ## - LANGUAGE CODE
Language code of text/sound track or separate title English
082 ## - DEWEY DECIMAL CLASSIFICATION NUMBER
Classification number 006.3 SIV;1
100 ## - MAIN ENTRY--PERSONAL NAME
Personal name Sivanandam, S N. Deepa, S N.
245 #0 - TITLE STATEMENT
Title Principles of soft computing
250 ## - EDITION STATEMENT
Edition statement 1st ed.
260 ## - PUBLICATION, DISTRIBUTION, ETC.
Date of publication, distribution, etc. 2007
Name of publisher, distributor, etc. John Wiley & Sons
Place of publication, distribution, etc. New Delhi
300 ## - PHYSICAL DESCRIPTION
Extent xx, 742
300 ## - PHYSICAL DESCRIPTION
Dimensions 61415
650 ## - SUBJECT ADDED ENTRY--TOPICAL TERM
Topical term or geographic name entry element soft,computing
942 ## - ADDED ENTRY ELEMENTS (KOHA)
Koha item type Compact Disks
Holdings
Date last seen Total checkouts Full call number Accession number Price effective from Category Lost status Damaged status Department Withdrawn status Home library Current library Shelving location Entry date Vendor Grants Billnumber Billdate Currency symbol Conversion rate Discount Old discount
26/01/2024   006.3 SIV;1 CD4709 26/01/2024 Compact Disks     Central Library   Central Library Central Library Central Library   Royal Biblioman CS RB-071 25/02/2014 RS 1    
26/01/2024   006.3 SIV;2 CD4710 26/01/2024 Compact Disks     Central Library   Central Library Central Library Central Library   Royal Biblioman CS RB-071 25/02/2014 RS 1    
26/01/2024   006.3 SIV;3 CD4711 26/01/2024 Compact Disks     Central Library   Central Library Central Library Central Library   Royal Biblioman CS RB-071 25/02/2014 RS 1    
26/01/2024   006.3 SIV;4 CD4712 26/01/2024 Compact Disks     Central Library   Central Library Central Library Central Library   Royal Biblioman CS RB-071 25/02/2014 RS 1    
26/01/2024   006.3 SIV;5 CD4713 26/01/2024 Compact Disks     Central Library   Central Library Central Library Central Library   Royal Biblioman CS RB-071 25/02/2014 RS 1    

© For any Suggestions or Query, please contact the library staff @ librarian@pes.edu or Phone: +9180 2672 1983/ 2108.